000 00922nam a2200289 i 4500
001 000017279
003 DO-SdBNP
005 20250212090738.0
007 ta
008 100322s1986 dr 000 f spa d
040 _aDO-SdBNP
_bspa
_cBNPHU
_erda
041 _aspa
082 4 _aRD863.44
_bV443fL
_222
100 1 _aVeloz Maggiolo, Marcio,
_d1936-2021
_eautor
_91104
_4aut.
245 1 0 _aFlorbella :
_b(arqueonovela) /
_cMarcio Veloz Maggiolo.
264 4 _aSanto Domingo, República Dominicana :
_bEdiciones de Taller,
_c©1986.
300 _a134 páginas ;
_c19 cm.
336 _atexto
_btxt
_2rdacontent
337 _asin mediación
_bn
_2rdamedia
338 _avolumen
_bnc
_2rdacarrier
490 0 _aBiblioteca Taller ;
_v230
590 _aInventariado, 2020/VM
650 0 _aNovela dominicana
_9223
650 4 _aLiteratura dominicana.
_967
910 _aValidado. Control de calidad MMOLINA
942 _2ddc
_cLBS1
999 _c16804
_d16804